Ayyanu's Book of Objective English/ (Record no. 201929)

MARC details
000 -LEADER
fixed length control field 00499nam a22001697a 4500
005 - DATE AND TIME OF LATEST TRANSACTION
control field 20240404143903.0
010 ## - LCCN (DPL NO)
LC control number ENG-140037
020 ## - INTERNATIONAL STANDARD BOOK NUMBER
Terms of availability 180.00
035 ## - SYSTEM CONTROL NUMBER
System control number EN-123569
037 ## - SOURCE OF ACQUISITION
Source of stock number/acquisition DBAD
100 ## - MAIN ENTRY--PERSONAL NAME
Personal name Shrinivasan, Su
245 ## - TITLE STATEMENT
Title Ayyanu's Book of Objective English/
Statement of responsibility, etc Su.Shrinivasan
260 ## - PUBLICATION, DISTRIBUTION, ETC. (IMPRINT)
Place of publication, distribution, etc Chennai
Name of publisher, distributor, etc AKS Books World
Date of publication, distribution, etc 2015
270 ## - ADDRESS
Address 8(Old No-38-B)Srinivasan Street T.Nagar
City Chennai
Postal code 600049
300 ## - PHYSICAL DESCRIPTION
Extent 240P.
Dimensions 22 c.m(pb)
942 ## - ADDED ENTRY ELEMENTS (KOHA)
Source of classification or shelving scheme Dewey Decimal Classification
Item type English Books
Classification part 485
Call number suffix SHR
Holdings
Withdrawn status Lost status Not for loan Collection code Home library Current library Date acquired Source of acquisition Cost, normal purchase price Full call number Barcode Cost, replacement price Koha item type
      Non-fiction Bawana Bawana 04/04/2024 DBAD 180.00 485 SHR EN-123569 180.00 English Books

© Delhi Public Library
Hit Counter
free hit counter